Ligue 1 Current Managers - Statistics

General Stats
  • This quiz has been taken 23 times
    4 since last reset
  • The average score is 1 of 18
Answer Stats
Team Nationality Manager Name % Correct
Paris Saint-Germain Spanish Luis Enrique
100%
Strasbourg English Liam Rosenior
33%
Monaco Austrian Adi Hütter
0%
Angers French Alexandre Dujeux
0%
Lille French Bruno Génésio
0%
Toulouse Spanish Carles Martínez Novell
0%
Auxerre French Christophe Pélissier
0%
Le Havre French Didier Digard
0%
Brest French Éric Roy
0%
Nice French Franck Haise
0%
Rennes Senegalese Habib Beye
0%
Nantes Portuguese Luís Castro
0%
Lorient French Olivier Pantaloni
0%
Lyon Portuguese Paulo Fonseca / Jorge Maciel
0%
Lens French Pierre Sage
0%
Marseille Italian Roberto De Zerbi
0%
Paris FC French Stéphane Gilli
0%
Metz French Stéphane Le Mignan
0%
No matching quizzes found
Score Distribution
Percent of People with Each Score
Percentile by Number Answered
Your Score History
You have not taken this quiz since the last reset